01522 a2200229 4500001000700000020001800007040003200025100002000057245002300077250001300100260001300113300004400126362000900170490003500179520095000214650001201164650002501176650002501201650002101226650003201247650001301279128074 a9780064407694 cEscola Canadense de Niteroi aSnicket, Lemony10aThe miserable mill a1st. ed. aNew York a194 p.c5 x 0.83 x 7 inches (hardcover)0 a20000 aA Series Of Unfortunate Events aI hope, for your sake, that you have not chosen to read this book because you are in the mood for a pleasant experience. If this is the case, I advise you to put this book down instantaneously, because of all the books describing the unhappy lives of the Baudelaire orphans, The Miserable Mill might be the unhappiest yet. Violet, Klaus, and Sunny Baudelaire are sent to Paltryville to work in a lumber mill, and they find disaster and misfortune lurking behind every log. The pages of this book, I'm sorry to inform you, contain such unpleasantries as a giant pincher machine, a bad casserole, a man with a cloud of smoke where his head should be, a hypnotist, a terrible accident resulting in injury, and coupons. I have promised to write down the entire history of these three poor children, but you haven't, so if you prefer stories that are more heartwarming, please feel free to make another selection. With all due respect, Lemony Snicket 4aOrphans 4aBrothers and Sisters 4aJuvenile Literature  4aHumorous stories 4aMystery, Thriller or Terror 4aTv Shows